[Event "TUR Cup"]
[Site "Denizli"]
[Date "2023.07.21"]
[Round "8"]
[White "Demir, Ugur"]
[Black "Bacak, Muhammed Kaan"]
[Result "0-1"]
[WhiteElo "1770"]
[BlackElo "2082"]
[PlyCount "132"]
[EventDate "2023.07.16"]
[EventType "team-tourn"]
[EventRounds "9"]
[EventCountry "TUR"]
[SourceTitle "CBM 215 Extra"]
[Source "ChessBase"]
[SourceDate "2023.09.30"]
[SourceVersion "1"]
[SourceVersionDate "2023.09.30"]
[SourceQuality "1"]

1. e4 d6 2. Qe2 g6 3. g3 Bg7 4. Bg2 Nf6 5. Nf3 c5 6. 0-0 Nc6 7. c3 0-0 8. d3 Rb8 9. a4 a6 10. h3 b5 11. axb5 axb5 12. d4 e5 13. dxc5 dxc5 14. Rd1 Qe7 15. Bg5 Be6 16. Nbd2 Rfd8 17. Ra6 Qb7 18. Rda1 h6 19. Be3 Nd7 20. Nh4 Nb6 21. Qxb5 Nd4 22. Qxc5 Nd7 23. Qa7 Qxa7 24. Rxa7 Nc2 25. Rb1 Nxe3 26. fxe3 Nc5 27. Nhf3 f5 28. exf5 Bxf5 29. Re1 Rxb2 30. Nc4 Rc2 31. Ncxe5 Be4 32. Bf1 Rxc3 33. Kf2 Rf8 34. Bc4+ Rxc4 35. Nxc4 Rxf3+ 36. Ke2 Rxg3 37. Nd6 Bd3+ 38. Kf2 Rxh3 39. Rc1 Rh5 40. Kg1 Rg5+ 41. Kf2 Bf8 42. Ne8 Rf5+ 43. Kg1 Bb5 44. Nc7 Bc6 45. Rf1 Rg5+ 46. Kf2 Rf5+ 47. Kg1 Rxf1+ 48. Kxf1 Be4 49. Ne8 Bb7 50. Nf6+ Kf7 51. Nd5 Bd6 52. Nf4 Kf6 53. Ra2 Bxf4 54. exf4 Ne6 55. Ra4 Kf5 56. Rb4 Be4 57. Kf2 Nxf4 58. Kg3 g5 59. Rb8 Nh5+ 60. Kh3 Nf6 61. Rb5+ Bd5 62. Rb1 h5 63. Rf1+ Kg6 64. Rd1 Be6+ 65. Kg3 h4+ 66. Kf3 Bg4+ 0-1

[Event "TUR Cup"]
[Site "Denizli"]
[Date "2023.07.19"]
[Round "5"]
[White "Bacak, Muhammed Kaan"]
[Black "Yanikoglu, Omer"]
[Result "1-0"]
[WhiteElo "2082"]
[BlackElo "1598"]
[PlyCount "64"]
[EventDate "2023.07.16"]
[EventType "team-tourn"]
[EventRounds "9"]
[EventCountry "TUR"]
[SourceTitle "CBM 215 Extra"]
[Source "ChessBase"]
[SourceDate "2023.09.30"]
[SourceVersion "1"]
[SourceVersionDate "2023.09.30"]
[SourceQuality "1"]

1. Nf3 Nf6 2. g3 b5 3. Bg2 Bb7 4. b3 g6 5. Bb2 Bg7 6. c4 b4 7. d4 e6 8. 0-0 0-0 9. Qc2 a5 10. Nbd2 d6 11. e4 Nbd7 12. Rfe1 c5 13. e5 dxe5 14. dxe5 Ng4 15. h3 Nh6 16. Ne4 Qe7 17. Rad1 Rfd8 18. g4 Bc6 19. Qc1 Qf8 20. Qf4 a4 21. Nf6+ Kh8 22. Nxh7 Qe7 23. Nf6 axb3 24. g5 Bxf3 25. Bxf3 Rxa2 26. gxh6 Bxf6 27. exf6 Qe8 28. Qd2 Ne5 29. Qxd8 Nxf3+ 30. Kf1 Qxd8 31. Rxd8+ Kh7 32. Re2 Kxh6 1-0

[Event "TUR Cup"]
[Site "Denizli"]
[Date "2023.07.18"]
[Round "4"]
[White "Acar, Sadullah"]
[Black "Bacak, Muhammed Kaan"]
[Result "0-1"]
[WhiteElo "1821"]
[BlackElo "2082"]
[PlyCount "118"]
[EventDate "2023.07.16"]
[EventType "team-tourn"]
[EventRounds "9"]
[EventCountry "TUR"]
[SourceTitle "CBM 215 Extra"]
[Source "ChessBase"]
[SourceDate "2023.09.30"]
[SourceVersion "1"]
[SourceVersionDate "2023.09.30"]
[SourceQuality "1"]

1. e4 d6 2. d4 Nf6 3. Nc3 g6 4. Nf3 Bg7 5. Be2 c6 6. 0-0 0-0 7. Bg5 Qc7 8. Qd2 Nbd7 9. Rfe1 e5 10. Rad1 Re8 11. dxe5 dxe5 12. h3 Nc5 13. Qe3 Ne6 14. Bc4 b5 15. Bxe6 Bxe6 16. Qc5 Nd7 17. Qd6 Qb7 18. b3 f6 19. Bc1 Bf8 20. Qd2 a5 21. Bb2 a4 22. Qe3 Nc5 23. Ne2 Bf7 24. Nc1 Ne6 25. g3 Bb4 26. Bc3 Bc5 27. Qe2 b4 28. Bb2 Bf8 29. Kh2 c5 30. Nd3 Rac8 31. Rd2 Bh6 32. Rdd1 Re7 33. h4 Nd4 34. Nxd4 cxd4 35. Bc1 Bf8 36. Bd2 Rec7 37. f4 exf4 38. Bxf4 Rxc2 39. Rd2 axb3 40. axb3 Bxb3 41. Qg4 Rxd2+ 42. Bxd2 Rc2 43. Re2 Bc4 44. Qf3 Qa6 45. e5 Bxd3 46. Qd5+ Kh8 47. Qf7 Qc8 48. Rf2 fxe5 49. h5 gxh5 50. g4 hxg4 51. Kg3 Bg7 52. Qb3 Bf8 53. Qf7 Bg7 54. Qb3 Bg6 55. Qxb4 h5 56. Qd6 Kh7 57. Rf6 Rc3+ 58. Kh2 Rh3+ 59. Kg1 Qa8 0-1

[Event "TUR Cup"]
[Site "Adapazari"]
[Date "2022.03.30"]
[Round "8"]
[White "Bacak, Muhammed Kaan"]
[Black "Ercan, Mehmet Fahri"]
[Result "1-0"]
[WhiteElo "2137"]
[BlackElo "1784"]
[PlyCount "147"]
[EventDate "2022.03.25"]
[EventType "swiss"]
[EventRounds "11"]
[EventCountry "TUR"]
[SourceTitle "EXT 2023"]
[Source "ChessBase"]
[SourceDate "2022.10.05"]
[SourceVersion "1"]
[SourceVersionDate "2022.10.05"]
[SourceQuality "1"]

1. Nf3 Nf6 2. g3 d5 3. Bg2 e6 4. c4 c6 5. b3 Be7 6. Bb2 0-0 7. 0-0 Nbd7 8. d3 Re8 9. Nbd2 b6 10. Qc2 Bb7 11. e4 h6 12. Rad1 Rc8 13. e5 Nh7 14. Ne1 Qc7 15. f4 f5 16. exf6 Bxf6 17. Nef3 e5 18. fxe5 Nxe5 19. Nxe5 Bxe5 20. d4 Bf6 21. Qf5 Rcd8 22. cxd5 cxd5 23. Rfe1 Qd6 24. Nf3 Ng5 25. Nxg5 Bxg5 26. Bc1 Bf6 27. Rxe8+ Rxe8 28. Bf4 Qe6 29. Qxe6+ Rxe6 30. Kf2 Kf7 31. h4 g5 32. hxg5 hxg5 33. Be3 Kg6 34. Rc1 Re7 35. b4 g4 36. Rc2 Bg5 37. Bxg5 Kxg5 38. b5 Rf7+ 39. Ke3 Re7+ 40. Kd3 a6 41. a4 a5 42. Rc1 Kg6 43. Bf1 Rh7 44. Ke3 Kg5 45. Bd3 Rf7 46. Be2 Rh7 47. Kd2 Re7 48. Rc3 Kf5 49. Bd3+ Kg5 50. Rc1 Rf7 51. Be2 Re7 52. Rc3 Kf5 53. Bd1 Kg5 54. Bc2 Rf7 55. Bd1 Re7 56. Be2 Kf5 57. Kd3 Kg5 58. Rc1 Rh7 59. Kd2 Re7 60. Bd3 Rf7 61. Re1 Rf2+ 62. Kc3 Kf6 63. Re8 Kg7 64. Re7+ Rf7 65. Rxf7+ Kxf7 66. Bf5 Kf6 67. Bxg4 Kg5 68. Bd7 Kh5 69. Kd2 Kg5 70. Ke3 Kf6 71. Kf4 Ke7 72. Bf5 Kf6 73. g4 Ke7 74. Ke5 1-0

[Event "Mersin op 5th"]
[Site "Mersin"]
[Date "2021.11.16"]
[Round "1"]
[White "Lorparizangeneh, Shahin"]
[Black "Bacak, Muhammed Kaan"]
[Result "1/2-1/2"]
[WhiteElo "2492"]
[BlackElo "2141"]
[PlyCount "95"]
[EventDate "2021.11.16"]
[EventType "swiss"]
[EventRounds "9"]
[EventCountry "TUR"]
[SourceTitle "CBM 205 Extra"]
[Source "ChessBase"]
[SourceDate "2022.01.31"]
[SourceVersion "1"]
[SourceVersionDate "2022.01.31"]
[SourceQuality "1"]

1. d4 g6 2. e4 d6 3. Nc3 Nf6 4. Nf3 Bg7 5. Be2 0-0 6. 0-0 Bg4 7. Be3 Nc6 8. d5 Bxf3 9. Bxf3 Ne5 10. Be2 c6 11. f4 Ned7 12. dxc6 bxc6 13. g4 Rb8 14. Rb1 Rb4 15. a3 Rb7 16. Qd3 Qb8 17. b4 Rd8 18. Bf3 e5 19. g5 Ne8 20. f5 gxf5 21. exf5 d5 22. f6 e4 23. Nxe4 Ne5 24. Qe2 Nxf3+ 25. Rxf3 dxe4 26. Rh3 Qe5 27. fxg7 Nxg7 28. Rf1 Rbd7 29. Qg4 Ne6 30. Qh5 Qg7 31. Rh4 Rd5 32. Qh6 Qxh6 33. gxh6 f5 34. Rh5 Rf8 35. c4 Rd3 36. Bxa7 Rxa3 37. Bb6 Rc3 38. Rhxf5 Rxf5 39. Rxf5 Rxc4 40. Rf6 Rxb4 41. Be3 Nd4 42. Kf2 c5 43. Kg3 Rb7 44. Kf4 Rf7 45. Rxf7 Kxf7 46. Kxe4 Kg6 47. Bxd4 cxd4 48. Kxd4 1/2-1/2

[Event "Hatay op 9th"]
[Site "Hatay"]
[Date "2018.09.07"]
[Round "8"]
[White "Semiev, Suhrab"]
[Black "Bacak, Muhammed Kaan"]
[Result "1-0"]
[WhiteElo "2281"]
[BlackElo "2126"]
[PlyCount "71"]
[EventDate "2018.09.02"]
[EventType "swiss"]
[EventRounds "9"]
[EventCountry "TUR"]
[SourceTitle "CBM 186 Extra"]
[Source "ChessBase"]
[SourceDate "2018.08.24"]
[SourceVersion "1"]
[SourceVersionDate "2018.08.24"]
[SourceQuality "1"]

1. g3 Nf6 2. Bg2 d5 3. Nf3 e6 4. d3 Be7 5. 0-0 c5 6. Nbd2 0-0 7. e4 Nc6 8. Re1 Qc7 9. Nh4 Rd8 10. b3 b6 11. Bb2 d4 12. f4 e5 13. f5 b5 14. a4 Ba6 15. g4 h6 16. Rf1 bxa4 17. h3 Nh7 18. Nhf3 Qb6 19. Rxa4 Bb5 20. Ra1 a5 21. Bc1 a4 22. bxa4 Rxa4 23. Rxa4 Bxa4 24. Nc4 Qc7 25. h4 Bb5 26. g5 hxg5 27. hxg5 Bxc4 28. dxc4 d3 29. cxd3 Nb4 30. g6 fxg6 31. fxg6 Nf8 32. Ng5 Bxg5 33. Bxg5 Nxg6 34. Bh3 Nf4 35. Rxf4 exf4 36. Be6+ 1-0

[Event "Ankara Baskent Univ op-A 3rd"]
[Site "Ankara"]
[Date "2018.09.01"]
[Round "9"]
[White "Kazimova, Narmin Nizami Qizi"]
[Black "Bacak, Muhammed Kaan"]
[Result "1/2-1/2"]
[WhiteElo "2270"]
[BlackElo "2095"]
[PlyCount "150"]
[EventDate "2018.08.27"]
[EventType "swiss"]
[EventRounds "9"]
[EventCountry "TUR"]
[SourceTitle "CBM 187 Extra"]
[Source "ChessBase"]
[SourceDate "2018.11.04"]
[SourceVersion "1"]
[SourceVersionDate "2018.11.04"]
[SourceQuality "1"]

1. c4 e6 2. Nc3 Nf6 3. e4 c5 4. Nf3 d6 5. d4 cxd4 6. Nxd4 a6 7. Be2 Be7 8. Be3 Qc7 9. 0-0 b6 10. f3 Bb7 11. Qd2 Nbd7 12. Rfc1 0-0 13. a4 Rac8 14. Qe1 Qb8 15. Qf2 Rfe8 16. Rab1 Bd8 17. b4 Bc7 18. g3 h5 19. Bf1 d5 20. exd5 exd5 21. cxd5 h4 22. Nf5 hxg3 23. hxg3 Be5 24. Bd4 Bxd4 25. Nxd4 Nxd5 26. Nxd5 Bxd5 27. Bxa6 Rxc1+ 28. Rxc1 Ne5 29. Bb5 Rd8 30. Re1 Qd6 31. Bf1 Qf6 32. Be2 Bb7 33. Rd1 Qh6 34. Qh2 Qe3+ 35. Qf2 Qh6 36. Qh2 Qe3+ 37. Qf2 Qc3 38. b5 Nc4 39. Rd3 Qa1+ 40. Kh2 Ne5 41. Rd1 Qxa4 42. Qe3 Ng6 43. Rd3 Qa8 44. Nc6 Re8 45. Qd2 Bxc6 46. bxc6 Qxc6 47. Rb3 Qe6 48. Rb2 Ne7 49. Bb5 Rf8 50. Bd7 Qf6 51. Qf2 Nd5 52. Rb5 Qh6+ 53. Bh3 Qc6 54. Qb2 Re8 55. Rb3 Qc4 56. Bg2 Re2 57. Qa3 Qd4 58. Qa8+ Kh7 59. Qc8 Re6 60. Qc2+ g6 61. Rd3 Qe5 62. Qd2 Ne3 63. Rd7 Re7 64. Rd4 Nf5 65. Rg4 Kg8 66. Qd8+ Re8 67. Qxb6 Qh8+ 68. Kg1 Qa1+ 69. Kh2 Kg7 70. Qf2 Rh8+ 71. Bh3 Rb8 72. Re4 Rb1 73. Bxf5 Rb2 74. Re2 Rxe2 75. Qxe2 gxf5 1/2-1/2

[Event "TUR-chT 2nd League"]
[Site "Konya"]
[Date "2018.07.17"]
[Round "2.7"]
[White "Bacak, Muhammed Kaan"]
[Black "Unal, Osman"]
[Result "1-0"]
[WhiteElo "2064"]
[BlackElo "1855"]
[PlyCount "120"]
[EventDate "2018.07.16"]
[EventType "team-swiss"]
[EventRounds "9"]
[EventCountry "TUR"]
[SourceTitle "EXT 2019"]
[Source "ChessBase"]
[SourceDate "2018.10.10"]
[SourceVersion "1"]
[SourceVersionDate "2018.10.10"]
[SourceQuality "1"]
[WhiteTeam "Samandag Altin"]
[BlackTeam "Gulbahcesi Egitim"]
[WhiteTeamCountry "TUR"]
[BlackTeamCountry "TUR"]

1. Nf3 Nf6 2. g3 e6 3. Bg2 d5 4. c4 c6 5. b3 Bd6 6. Bb2 Nbd7 7. 0-0 0-0 8. d3 b6 9. e4 dxe4 10. dxe4 Qc7 11. Qe2 e5 12. Nh4 Re8 13. Na3 Nc5 14. h3 Ne6 15. Nc2 Bb7 16. Nf5 Bf8 17. Nfe3 Rad8 18. Rad1 Bc8 19. Kh2 Nf4 20. gxf4 exf4 21. e5 fxe3 22. Rxd8 Rxd8 23. Nxe3 Nd7 24. f4 Nc5 25. Rd1 Re8 26. Qf3 Bb7 27. Nf5 Re6 28. h4 Nd7 29. Qd3 Nf6 30. Qd8 Qxd8 31. Rxd8 Re8 32. Rxe8 Nxe8 33. Nd4 Be7 34. Kg3 Bb4 35. Bxc6 Be1+ 36. Kf3 Bxc6+ 37. Nxc6 Bxh4 38. Nxa7 Be7 39. Bd4 Bc5 40. Nb5 Kf8 41. a3 Ke7 42. Ke4 Bxd4 43. Nxd4 Nc7 44. b4 g6 45. f5 g5 46. Kf3 h5 47. Kg3 Ne8 48. a4 f6 49. e6 Kd6 50. Kf3 Ke5 51. Ke3 Nd6 52. c5 bxc5 53. bxc5 Nc4+ 54. Kd3 Nb2+ 55. Kc2 Nxa4 56. e7 Kxd4 57. c6 Nc5 58. e8Q h4 59. c7 Ne4 60. c8Q Ke3 1-0

[Event "TUR Cup										"]
[Site "Antalya"]
[Date "2018.02.03"]
[Round "11"]
[White "Ozguner, Hakki Ata"]
[Black "Bacak, Muhammed Kaan"]
[Result "0-1"]
[WhiteElo "1821"]
[BlackElo "2050"]
[PlyCount "52"]
[EventDate "2018.01.27"]
[EventType "swiss"]
[EventRounds "11"]
[EventCountry "TUR"]
[SourceTitle "CBM 182 Extra"]
[Source "ChessBase"]
[SourceDate "2018.02.23"]
[SourceVersion "1"]
[SourceVersionDate "2018.02.23"]
[SourceQuality "1"]

1. Nf3 Nf6 2. g3 g6 3. Bg2 Bg7 4. 0-0 0-0 5. d4 d5 6. c4 dxc4 7. Na3 c3 8. bxc3 c5 9. e3 Nc6 10. Qe2 Qc7 11. Nc4 Nd5 12. Bb2 Rd8 13. Rfd1 Nb6 14. Ba3 cxd4 15. cxd4 Nxc4 16. Qxc4 Be6 17. Qc2 Bf5 18. e4 Bg4 19. Bb2 Rac8 20. Qa4 b5 21. Qxb5 Rb8 22. Qe2 Bxf3 23. Bxf3 Bxd4 24. Rab1 Bxb2 25. Rxd8+ Qxd8 26. Rxb2 Nd4 0-1

[Event "Mersin op 2nd"]
[Site "Mersin"]
[Date "2017.10.28"]
[Round "9"]
[White "Bacak, Muhammed Kaan"]
[Black "Gokbulut, Julia"]
[Result "1-0"]
[WhiteElo "2054"]
[BlackElo "2061"]
[PlyCount "93"]
[EventDate "2017.10.22"]
[EventType "swiss"]
[EventRounds "9"]
[EventCountry "TUR"]
[SourceTitle "CBM 181 Extra"]
[Source "ChessBase"]
[SourceDate "2017.12.12"]
[SourceVersion "1"]
[SourceVersionDate "2017.12.12"]
[SourceQuality "1"]

1. Nf3 Nf6 2. d4 g6 3. c4 Bg7 4. Nc3 d6 5. e4 0-0 6. Be2 Bg4 7. Ng1 Bxe2 8. Ngxe2 Nc6 9. f3 e5 10. d5 Ne7 11. Bg5 h6 12. Be3 Nd7 13. Qd2 Kh7 14. g4 f5 15. gxf5 gxf5 16. Rg1 f4 17. Bf2 Bf6 18. 0-0-0 a6 19. Kb1 b6 20. Rg2 Qe8 21. Nc1 Qh5 22. Qe2 Rg8 23. Rdg1 Rxg2 24. Rxg2 Rg8 25. Rxg8 Kxg8 26. Be1 Qh3 27. b4 Kf7 28. Nd3 c5 29. a3 h5 30. Kc2 Ng6 31. Nb1 Bh4 32. Nd2 Nf6 33. Bxh4 Nxh4 34. Ne1 Nh7 35. Qf2 Ng5 36. Kd1 Kf6 37. a4 Ng6 38. a5 Qc8 39. axb6 cxb4 40. c5 dxc5 41. Nd3 Nf8 42. Qxc5 Qe8 43. Qc6+ Ke7 44. Qxe8+ Kxe8 45. b7 Nd7 46. Nxe5 Nb8 47. Nc6 1-0

[Event "Mersin op 2nd"]
[Site "Mersin"]
[Date "2017.10.26"]
[Round "7"]
[White "Bacak, Muhammed Kaan"]
[Black "Valansi, Avram Alber"]
[Result "1-0"]
[WhiteElo "2054"]
[BlackElo "1876"]
[PlyCount "59"]
[EventDate "2017.10.22"]
[EventType "swiss"]
[EventRounds "9"]
[EventCountry "TUR"]
[SourceTitle "CBM 181 Extra"]
[Source "ChessBase"]
[SourceDate "2017.12.12"]
[SourceVersion "1"]
[SourceVersionDate "2017.12.12"]
[SourceQuality "1"]

1. Nf3 c5 2. g3 b6 3. Bg2 Bb7 4. c4 Nf6 5. 0-0 e6 6. Nc3 a6 7. d4 cxd4 8. Qxd4 d6 9. Rd1 Qc7 10. Bg5 Nbd7 11. Rac1 Be7 12. Qd2 h6 13. Bf4 Ne5 14. Nxe5 Bxg2 15. Nxf7 Kxf7 16. Kxg2 Qxc4 17. f3 d5 18. Be5 Rac8 19. e4 dxe4 20. Nxe4 Qxa2 21. Rxc8 Rxc8 22. Bxf6 gxf6 23. Qxh6 Qxb2+ 24. Rd2 Qc1 25. Qh7+ Kf8 26. Rd7 Qc2+ 27. Kh3 Re8 28. Qh8+ Kf7 29. Nd6+ Kg6 30. Qxe8+ 1-0

[Event "TUR-chT 2nd League"]
[Site "Konya"]
[Date "2017.07.18"]
[Round "3.9"]
[White "Kuseyri, Mehmet Ali"]
[Black "Bacak, Muhammed Kaan"]
[Result "0-1"]
[WhiteElo "2017"]
[BlackElo "2048"]
[PlyCount "120"]
[EventDate "2017.07.17"]
[EventType "team-swiss"]
[EventRounds "9"]
[EventCountry "TUR"]
[SourceTitle "CBM 179 Extra"]
[Source "ChessBase"]
[SourceDate "2017.08.23"]
[SourceVersion "1"]
[SourceVersionDate "2017.08.23"]
[SourceQuality "1"]
[WhiteTeam "Istanbul Sisli"]
[BlackTeam "Mersin Zeka"]
[WhiteTeamCountry "TUR"]
[BlackTeamCountry "TUR"]

1. d4 Nf6 2. Nf3 e6 3. Bf4 b6 4. e3 Bb7 5. c3 Be7 6. h3 c5 7. Bd3 0-0 8. 0-0 d5 9. Qe2 Nc6 10. Nbd2 Bd6 11. Ne5 Ne7 12. Ndf3 Ng6 13. Nxg6 hxg6 14. Ne5 Qc7 15. g4 Rfd8 16. Bh2 Qe7 17. f3 Rac8 18. Qf2 Bxe5 19. Bxe5 Nd7 20. Qg3 Nxe5 21. Qxe5 Qd6 22. f4 Kf8 23. Qxd6+ Rxd6 24. Kf2 Ke7 25. Kg3 Bc6 26. h4 Rh8 27. Rh1 Rdd8 28. Rh2 Rh6 29. Rah1 Rc8 30. g5 Rhh8 31. h5 gxh5 32. Rxh5 Rxh5 33. Rxh5 Bd7 34. Rh7 Rg8 35. g6 f5 36. Rh5 Kf6 37. c4 Kxg6 38. Rh2 Kf6 39. cxd5 exd5 40. b3 Rc8 41. Ba6 Rc7 42. Rc2 Be6 43. Kf2 c4 44. bxc4 dxc4 45. Ke2 Bd5 46. Rc3 g5 47. fxg5+ Kxg5 48. a4 f4 49. Kd2 Kf5 50. exf4 Ke4 51. a5 Kxd4 52. Rg3 Rc5 53. axb6 axb6 54. Ra3 b5 55. Ra5 b4 56. Rxc5 Kxc5 57. f5 Kd4 58. f6 b3 59. Bb7 c3+ 60. Kc1 Bf7 0-1

[Event "TUR Cup"]
[Site "Antalya"]
[Date "2017.02.01"]
[Round "7"]
[White "Bacak, Muhammed Kaan"]
[Black "Saka, Irfan"]
[Result "1-0"]
[WhiteElo "2031"]
[BlackElo "1835"]
[PlyCount "143"]
[EventDate "2017.01.28"]
[EventType "swiss"]
[EventRounds "11"]
[EventCountry "TUR"]
[SourceTitle "CBM 176 Extra"]
[Source "ChessBase"]
[SourceDate "2017.03.02"]
[SourceVersion "1"]
[SourceVersionDate "2017.03.02"]
[SourceQuality "1"]

1. d4 d5 2. Nf3 Nf6 3. c4 e6 4. Nc3 c6 5. e3 Nbd7 6. Qc2 Be7 7. b3 0-0 8. Be2 b6 9. Bb2 Bb7 10. 0-0 Qc7 11. Rac1 Rac8 12. Rfd1 Rfd8 13. h3 Qb8 14. e4 dxe4 15. Nxe4 Nxe4 16. Qxe4 Nf6 17. Qe3 Qc7 18. Ne5 c5 19. Bf3 Bxf3 20. Nxf3 h6 21. Rd3 Kf8 22. Rcd1 cxd4 23. Nxd4 a6 24. Qe2 Qc5 25. R1d2 Rd6 26. Nc2 Rxd3 27. Rxd3 Qc7 28. Be5 Qc5 29. Bd4 Qc7 30. Ne3 Rd8 31. Bb2 Nd7 32. Ng4 Nc5 33. Rxd8+ Qxd8 34. Ne5 Qe8 35. Bd4 f6 36. Nf3 e5 37. Bxc5 Bxc5 38. Qe4 a5 39. Qh7 Qd7 40. Qc2 Qe6 41. Nd2 f5 42. Nf1 e4 43. Qd2 Qe5 44. g3 Ke7 45. Kg2 g5 46. Ne3 Ke6 47. Nd5 Bd6 48. Nxb6 f4 49. gxf4 gxf4 50. Qd5+ Qxd5 51. Nxd5 Ke5 52. f3 e3 53. Kf1 Kd4 54. Ke2 Ke5 55. Kd3 Kf5 56. Nc3 Ke5 57. Nb5 Bc5 58. Nc3 Bd6 59. Ne2 Bc5 60. Nc3 Be7 61. Nd5 Bd8 62. a3 Bg5 63. b4 axb4 64. axb4 Kd6 65. Nc3 Bd8 66. Ke4 Bf6 67. Ne2 Be5 68. Kf5 Bb2 69. Kxf4 Ba3 70. Kxe3 Bxb4 71. Nd4 Ba3 72. Nb5+ 1-0